| 000 | 00781nam a2200241 a 4500 | ||
|---|---|---|---|
| 999 |
_c4328 _d4328 |
||
| 003 | PK-NaQUE | ||
| 005 | 20250923092924.0 | ||
| 008 | 250923b ||||| |||| 00| 0 eng d | ||
| 020 | _a8121927811 (paperback) | ||
| 020 | _a9788121927819 (paperback) | ||
| 040 | _cQUEST | ||
| 100 | 1 | _aKhurmi, R. S. | |
| 245 | 1 | 2 | _aA Textbook of Refrigeration and Air Conditioning / |
| 260 |
_a[S.l.] : _bS Chand & Co Ltd, _c2009. |
||
| 300 | _a720 p. ; | ||
| 650 | _aRefrigeration and refrigerating machinery | ||
| 650 | _aAir conditioning--Study and teaching | ||
| 650 | _aRefrigeration and refrigerating machinery--Study and teaching | ||
| 650 | _aAir conditioning | ||
| 700 | 1 | _aGupta, J.K. | |
| 856 | 4 | 0 |
_uhttp://10.10.170.122:8080/browse/book/1351 _yDownload eBook |
| 942 |
_cBK _2ddc |
||